Sách quốc ngữ mới dùng cho học sinh tiểu học, tập 5
Na minha lista:
| Formato: | Livro |
|---|---|
| Tags: |
Adicionar Tag
Sem tags, seja o primeiro a adicionar uma tag!
|
| Thư viện lưu trữ: | Mạng thư viện Đại học Đà Nẵng |
|---|
| LEADER | 00442nam a22001691a 4500 | ||
|---|---|---|---|
| 001 | 000039590 | ||
| 003 | 15885 | ||
| 005 | 20160412022621.0 | ||
| 008 | 160412s0 000 | ||
| 082 | |a 4N(TK)196-97 | ||
| 245 | |a Sách quốc ngữ mới dùng cho học sinh tiểu học, tập 5 | ||
| OWN | |a LNN | ||
| 999 | |a From the UDN01 | ||
| TYP | |a Monograph | ||
| 980 | |a Mạng thư viện Đại học Đà Nẵng | ||